[Event "Pobla de Vallbona (Spain)"]
[Site "?"]
[Date "2004.10.??"]
[Round "2"]
[White "Carbonell Carlos (ESP)"]
[Black "Almenar Montaner Vicente (ESP"]
[Result "1/2-1/2"]
[WhiteElo "2176"]
[BlackElo "1984"]
[PlyCount "154"]
[EventDate "2004.??.??"]
[Source "www.chesslib.no"]
[SourceDate "2004.05.04"]

1. Nf3 d5 2. b4 e6 3. Bb2 Nf6 4. a3 Be7 5. e3 Nbd7 6. g4 h6 7. c4 O-O 8. g5 hxg5 9. Nxg5 Ne4 10. Nxe4 dxe4 11. Rg1 Bf6 12. Nc3 b6 13. Qc2 Bb7 14. O-O-O a5 15. Nxe4 Bxe4 16. Qxe4 Bxb2+ 17. Kxb2 Qf6+ 18. Qd4 Qxd4+ 19. exd4 axb4 20. axb4 Ra4 21. Bg2 Rxb4+ 22. Kc3 c5 23. Bc6 Nf6 24. f3 Rc8 25. dxc5 bxc5 26. Bb5 Nd5+ 27. cxd5 Rxb5 28. dxe6 fxe6 29. Rg6 Rc6 30. Re1 Kf7 31. Reg1 c4 32. Rxg7+ Kf8 33. Rg8+ Kf7 34. R1g7+ Kf6 35. Rg6+ Ke7 36. R6g7+ Kf6 37. Rg4 Rb3+ 38. Kc2 Rd3 39. h4 Rcd6 40. Rf4+ Ke5 41. Re4+ Kf5 42. Rg5+ Kf6 43. Rf4+ Ke7 44. Rg7+ Ke8 45. Rg2 R6d5 46. Re2 Ke7 47. Rfe4 Rxf3 48. Rxe6+ Kd7 49. Re7+ Kd6 50. R2e6+ Kc5 51. Rc7+ Kb5 52. Rb7+ Kc5 53. Ree7 Rh3 54. Rec7+ Kd4 55. Rh7 Rh2 56. Rbd7 Rh3 57. Rxd5+ Kxd5 58. Rh8 Kc6 59. h5 Kc7 60. h6 Kc6 61. Rc8+ Kd7 62. Rh8 Kc7 63. h7 Kb7 64. Kb2 Ka7 65. Rc8 Rxh7 66. Rxc4 Kb6 67. Kc3 Rh1 68. Kd4 Re1 69. Kd5 Rh1 70. Rc6+ Kb7 71. Rc5 Kb6 72. Rc3 Rh5+ 73. Ke6 Rh6+ 74. Ke5 Rh5+ 75. Kf4 Rh4+ 76. Kg5 Rh1 77. Kf4 Rh4+ 1/2-1/2

[Event "FRA Ch women"]
[Site "Challes"]
[Date "1990.??.??"]
[Round "?"]
[White "Lebel-Arias, Julia"]
[Black "Ruck Petit, Monique"]
[Result "1-0"]
[WhiteElo "2060"]
[BlackElo "2030"]
[PlyCount "117"]
[EventDate "1990.??.??"]
[Source "www.chesslib.no"]
[SourceDate "2004.05.04"]

1. Nf3 d5 2. b4 Bg4 3. Ne5 Be6 4. a3 Nf6 5. Bb2 Qd6 6. e3 c5 7. b5 Nbd7 8. d4 c4 9. Nd2 Rc8 10. Bc3 h5 11. Be2 g5 12. h4 g4 13. g3 Bf5 14. O-O Bh6 15. a4 Ne4 16. Nxe4 Bxe4 17. Nxd7 Qxd7 18. Kh2 Qf5 19. Ra2 Rg8 20. a5 Rg6 21. Bb4 Rf6 22. Qd2 Bf3 23. Bxf3 Qxf3 24. Ra3 c3 25. Rxc3 Rc4 26. Rxc4 dxc4 27. Kg1 Qd5 28. c3 Qxb5 29. Qc2 Rf5 30. Qe4 Qd7 31. Bxe7 Qe6 32. Qxe6 fxe6 33. Bc5 Bf8 34. Bxf8 Kxf8 35. Rb1 Rxa5 36. Rxb7 Ra3 37. Rc7 Rxc3 38. Rxa7 Rc1+ 39. Kg2 c3 40. Rc7 Ke8 41. Rc5 c2 42. e4 Kd7 43. e5 Rd1 44. Rxc2 Rxd4 45. f3 Rd5 46. Re2 Ke7 47. fxg4 hxg4 48. Re4 Rd2+ 49. Kf1 Rd5 50. Kf2 Kf7 51. Ke3 Rb5 52. Kf4 Rb1 53. Kxg4 Kg6 54. Rf4 Re1 55. Rf6+ Kg7 56. Rxe6 Kf7 57. Rf6+ Ke7 58. Rf5 Ke6 59. Rg5 1-0

[Event "Buenos Aires ol women"]
[Site "Buenos Aires ARG"]
[Date "1978.??.??"]
[Round "6"]
[White "McGrath, Marion"]
[Black "Garcia Padron, Mary Pino"]
[Result "0-1"]
[WhiteElo "2015"]
[BlackElo "1940"]
[PlyCount "80"]
[EventDate "1978.10.??"]
[Source "www.chesslib.no"]
[SourceDate "2004.05.04"]

1. Nf3 d5 2. b4 Bg4 3. Bb2 Nd7 4. e3 Ngf6 5. Be2 e6 6. a3 Bd6 7. d4 Nb6 8. Nbd2 a5 9. Ne5 Bxe2 10. Qxe2 O-O 11. b5 Na4 12. Bc1 Bxe5 13. dxe5 Nd7 14. Nf3 f6 15. exf6 Qxf6 16. Nd4 Nc3 17. Qf3 Qxf3 18. Nxf3 Nxb5 19. Rb1 Nd6 20. O-O Nc5 21. Ne5 Nde4 22. Rb5 b6 23. f3 Nc3 24. Rb2 Ne2+ 25. Kf2 Nxc1 26. Rxc1 Rf5 27. Nc6 Rf6 28. Ke2 Re8 29. c4 Rh6 30. h3 Rg6 31. g4 Rh6 32. Rh1 dxc4 33. Ne5 Na4 34. Rc2 c3 35. g5 Rh5 36. f4 c5 37. Kf3 Rd8 38. Kg4 g6 39. Rhh2 Rd1 40. Nf3 b5 0-1

[Event "It (open)"]
[Site "Velika Gorica (Croatia)"]
[Date "2007.08.23"]
[Round "7"]
[White "Zarko Ivica (CRO)"]
[Black "Simic Marko (CRO)"]
[Result "1/2-1/2"]
[WhiteElo "2032"]
[BlackElo "1907"]
[PlyCount "206"]
[EventDate "2007.??.??"]
[Source "www.chesslib.no"]
[SourceDate "2004.05.04"]

1. Nf3 d5 2. b4 e6 3. Bb2 Nf6 4. a3 c5 5. bxc5 Bxc5 6. e3 O-O 7. Be2 Nc6 8. d4 Bd6 9. O-O Re8 10. Nbd2 Qc7 11. h3 e5 12. dxe5 Nxe5 13. Nxe5 Bxe5 14. Bxe5 Qxe5 15. Nf3 Qc7 16. Nd4 a6 17. a4 Bd7 18. Qd3 Ne4 19. c4 dxc4 20. Qxc4 Qxc4 21. Bxc4 Nd2 22. Rfc1 Rac8 23. Bd5 Rxc1+ 24. Rxc1 Bxa4 25. Bxb7 Bb5 26. Ra1 g6 27. Bxa6 Bxa6 28. Rxa6 h5 29. h4 Re4 30. g3 Re7 31. Kg2 Ne4 32. Ne2 Nc5 33. Ra2 Kg7 34. Nf4 Ne6 35. Nd5 Rd7 36. Nb6 Rb7 37. Nc4 f6 38. Ra6 Nc5 39. Rc6 Nd3 40. Rd6 Nc5 41. Rd2 Ne4 42. Rc2 Rc7 43. Na3 Rxc2 44. Nxc2 f5 45. Nd4 Kf6 46. Kf3 Ke5 47. Ke2 Kd5 48. Nf3 Nc3+ 49. Ke1 Ke4 50. Ng5+ Ke5 51. Kd2 Na4 52. Nh3 Nc5 53. Ng5 Na4 54. Ke2 Nc5 55. Nf3+ Ke4 56. Nd2+ Ke5 57. Kf3 Nd3 58. Nc4+ Kd5 59. Nb6+ Ke6 60. Ke2 Ne5 61. f3 Kd6 62. Na4 Kd5 63. Nc3+ Kc4 64. Nd1 Kd5 65. Nf2 Ke6 66. Nd3 Nc4 67. e4 fxe4 68. Nc5+ Kf5 69. Nxe4 Ke5 70. Nd2 Nd6 71. Nf1 Kd4 72. f4 Ke4 73. Nd2+ Kf5 74. Kf3 Ke6 75. Ne4 Nb5 76. Ke3 Kf5 77. Nf2 Ke6 78. Ke4 Nd6+ 79. Kf3 Nf5 80. Nd1 Nd4+ 81. Kf2 Kf5 82. Ne3+ Ke4 83. Nc4 Kf5 84. Ne5 Nb3 85. Ke3 Kf6 86. Nf3 Nc5 87. Nd4 Na4 88. Kf3 Nc5 89. g4 hxg4+ 90. Kxg4 Ne4 91. Nc2 Nf2+ 92. Kf3 Nd3 93. Ne3 Nc5 94. Kg4 Ne4 95. Nd5+ Ke6 96. Ne3 Kf6 97. f5 gxf5+ 98. Nxf5 Nf2+ 99. Kf4 Nh3+ 100. Ke4 Kg6 101. Ng3 Ng5+ 102. Kf4 Ne6+ 103. Kg4 Ng7 1/2-1/2

[Event "Vienna op-D"]
[Site "?"]
[Date "1996.??.??"]
[Round "5"]
[White "Franz Josef"]
[Black "Stummer Walter"]
[Result "0-1"]
[WhiteElo "1895"]
[BlackElo "1950"]
[PlyCount "107"]
[EventDate "1996.??.??"]
[Source "www.chesslib.no"]
[SourceDate "2004.05.04"]

1. Nf3 d5 2. b4 c6 3. Bb2 Nf6 4. e3 Bg4 5. h3 Bh5 6. a3 e6 7. Be2 Nbd7 8. d4 Bxf3 9. Bxf3 Bd6 10. Nd2 e5 11. c4 exd4 12. Bxd4 Be5 13. O-O O-O 14. Nb3 dxc4 15. Na5 Bxd4 16. Qxd4 Qc7 17. Nxc4 Nb6 18. Rac1 Rad8 19. Qc5 Nxc4 20. Rxc4 Nd7 21. Qxa7 Ne5 22. Rc3 Nxf3+ 23. gxf3 Rd6 24. Rfc1 Qd7 25. Kf1 Qxh3+ 26. Ke2 Rfd8 27. R3c2 Rf6 28. f4 Rxf4 29. Qb6 Qg4+ 30. Kf1 Qh3+ 31. Ke1 Qh1+ 32. Ke2 Qf3+ 33. Ke1 Qh1+ 34. Ke2 Qf3+ 35. Ke1 Qh1+ 36. Ke2 Qh5+ 37. Ke1 Re8 38. Re2 Rh4 39. Rd1 Rh1+ 40. Kd2 Qd5+ 41. Qd4 Qxd4+ 42. exd4 Rxe2+ 43. Kxe2 Rxd1 44. Kxd1 Kf8 45. a4 Ke7 46. Kd2 g5 47. Kd3 f5 48. Kc4 h5 49. d5 cxd5+ 50. Kc5 h4 51. a5 h3 52. b5 h2 53. a6 bxa6 54. bxa6 0-1

[Event "Regionalliga NW 9495"]
[Site "Bayern"]
[Date "1995.??.??"]
[Round "6"]
[White "Neubauer, Jaroslaus"]
[Black "Neumann, Christoph"]
[Result "0-1"]
[WhiteElo "2010"]
[BlackElo "1830"]
[PlyCount "62"]
[EventDate "1994.10.??"]
[Source "www.chesslib.no"]
[SourceDate "2004.05.04"]

1. Nf3 d5 2. b4 Nf6 3. Bb2 Bg4 4. Ne5 Bh5 5. c4 e6 6. Qa4+ Nbd7 7. e3 Bd6 8. f4 Bxe5 9. Bxe5 O-O 10. Bxf6 Nxf6 11. Nc3 d4 12. Ne2 dxe3 13. O-O-O Ne4 14. dxe3 Qf6 15. Rd4 Rfd8 16. Qc2 Bg6 17. Qb2 Nf2 18. Rg1 Nd3+ 19. Rxd3 Bxd3 20. Qxf6 gxf6 21. Nd4 Be4 22. Be2 c6 23. g4 a5 24. b5 cxb5 25. Nxb5 Kf8 26. Rg3 Ke7 27. Nc3 Bd3 28. Bxd3 Rxd3 29. Kc2 Rdd8 30. e4 Rac8 31. Kb3 Rd4 0-1

[Event "IBCA Wch blind 10th"]
[Site "?"]
[Date "2002.11.26"]
[Round "7"]
[White "Tshugaevsky Panteley"]
[Black "Kauzky Hartmut"]
[Result "1-0"]
[WhiteElo "1800"]
[BlackElo "2030"]
[PlyCount "59"]
[EventDate "2002.??.??"]
[Source "www.chesslib.no"]
[SourceDate "2004.05.04"]

1. Nf3 d5 2. b4 Nf6 3. Bb2 Bf5 4. e3 e6 5. c4 c6 6. Qb3 Nbd7 7. d4 Be7 8. Nbd2 Ne4 9. Nxe4 Bxe4 10. Nd2 Bg6 11. c5 O-O 12. Bd3 Bxd3 13. Qxd3 Qc7 14. O-O e5 15. e4 dxe4 16. Nxe4 f5 17. Qb3+ Kh8 18. Nd6 Bxd6 19. cxd6 Qxd6 20. dxe5 Qe7 21. f4 h6 22. Rad1 Kh7 23. Rd6 Rfd8 24. Qd3 Nf8 25. Qxf5+ g6 26. Qd3 Rxd6 27. exd6 Qf7 28. f5 Qxa2 29. Qc3 Qg8 30. Re1 1-0

[Event "Open"]
[Site "Dubna RUS"]
[Date "2007.08.11"]
[Round "13"]
[White "Mishakov, An"]
[Black "Inyakina, A."]
[Result "0-1"]
[WhiteElo "2074"]
[BlackElo "1726"]
[PlyCount "126"]
[EventDate "2007.08.02"]
[Source "www.chesslib.no"]
[SourceDate "2004.05.04"]

1. Nf3 d5 2. b4 a5 3. b5 c6 4. e3 Nf6 5. Bb2 e6 6. a4 Be7 7. d4 O-O 8. Bd3 cxb5 9. axb5 Nbd7 10. O-O Ne4 11. c4 b6 12. Ne5 Bb7 13. f3 Nef6 14. Nd2 Nxe5 15. dxe5 Nd7 16. f4 Nc5 17. Bxh7+ Kxh7 18. Qh5+ Kg8 19. Rf3 f5 20. Rh3 Rc8 21. Qg6 Qd7 22. Rh7 Bg5 23. Rh5 Bd8 24. Bd4 Qe8 25. Qh7+ Kf7 26. g4 fxg4 27. f5 Rg8 28. Rf1 exf5 29. Rhxf5+ Ke6 30. R5f4 Rc7 31. Rf6+ gxf6 32. Qf5+ Ke7 33. cxd5 Bxd5 34. exf6+ Kf8 35. Qxd5 Qd7 36. Qh5 Qh7 37. Qd5 Qd7 38. Qh5 Qh7 39. Qd5 Nb7 40. Nc4 g3 41. h3 Qf7 42. Qxf7+ Kxf7 43. Ne5+ Ke6 44. Nc6 Rf7 45. h4 Kd7 46. Ne5+ Ke6 47. Nxf7 Kxf7 48. Rf4 Nd6 49. e4 Nxb5 50. Bb2 Nc7 51. Kg2 Ne6 52. Rf3 Rg4 53. e5 Nf4+ 54. Kg1 Rxh4 55. Re3 g2 56. e6+ Nxe6 57. Kxg2 Bxf6 58. Ba3 b5 59. Bd6 b4 60. Rf3 a4 61. Kf2 b3 62. Be5 Rh6 63. Ke2 Ke7 0-1

[Event "03sen.Kurpfalz op"]
[Site "?"]
[Date "1997.??.??"]
[Round "?"]
[White "Rohrbacher Walter"]
[Black "Herrmann Alfred[36Ludwigsh"]
[Result "1/2-1/2"]
[WhiteElo "1782"]
[BlackElo "1963"]
[PlyCount "59"]
[EventDate "1997.??.??"]
[Source "www.chesslib.no"]
[SourceDate "2004.05.04"]

1. Nf3 d5 2. b4 a5 3. b5 c5 4. e3 Nf6 5. c4 e6 6. Bb2 b6 7. Be2 Bb7 8. O-O Be7 9. Ne5 O-O 10. Bf3 Nbd7 11. cxd5 Nxe5 12. Bxe5 Bxd5 13. Nc3 Bxf3 14. Qxf3 Nd7 15. Bg3 Bf6 16. Rad1 Ne5 17. Bxe5 Bxe5 18. d4 cxd4 19. exd4 Bxd4 20. Qe4 e5 21. Ne2 f5 22. Qb1 Qd5 23. Nxd4 exd4 24. Rd3 Rad8 25. Rfd1 Qc5 26. Qb2 Rfe8 27. f3 Rd5 28. Rxd4 Rxd4 29. Rxd4 Re1+ 30. Kf2 1/2-1/2

[Event "RLSW_Sonthofen1-Unterhaching1"]
[Site "?"]
[Date "2005.01.30"]
[Round "6.8"]
[White "Bock Ortwin"]
[Black "Baumgartner Jakob"]
[Result "1/2-1/2"]
[WhiteElo "1856"]
[BlackElo "1842"]
[PlyCount "81"]
[EventDate "2005.??.??"]
[Source "www.chesslib.no"]
[SourceDate "2004.05.04"]

1. Nf3 d5 2. b4 Nf6 3. e3 Bg4 4. Bb2 e6 5. a3 a5 6. b5 c5 7. c4 Nbd7 8. d4 Nb6 9. Nbd2 Bd6 10. Be2 Rc8 11. Rc1 O-O 12. O-O Qe7 13. a4 Nbd7 14. Ne5 Bxe2 15. Qxe2 Ne4 16. Nxe4 dxe4 17. f4 exf3 18. Qxf3 Nxe5 19. dxe5 Bb8 20. Bc3 b6 21. Qg4 Rfd8 22. Rcd1 Rxd1 23. Rxd1 Rd8 24. g3 Bc7 25. Kf2 Rd7 26. Ke2 Rxd1 27. Kxd1 Qd8+ 28. Ke2 Qa8 29. Qf3 Qxf3+ 30. Kxf3 h6 31. Kg4 Kh7 32. h4 Bd8 33. Kf3 Kg6 34. Kg4 h5+ 35. Kf4 Be7 36. Be1 Kh6 37. Ke4 g5 38. Kf3 Kg6 39. Ke4 Bd8 40. Bf2 Be7 41. Be1 1/2-1/2

[Event "Muensterland"]
[Site "?"]
[Date "2004.01.10"]
[Round "5.6"]
[White "Raddatz Uwe"]
[Black "Soelker Norbert"]
[Result "1-0"]
[WhiteElo "1901"]
[BlackElo "1774"]
[PlyCount "87"]
[EventDate "2004.??.??"]
[Source "www.chesslib.no"]
[SourceDate "2004.05.04"]

1. Nf3 d5 2. b4 Nf6 3. Bb2 e6 4. a3 Nbd7 5. d3 b6 6. e4 dxe4 7. dxe4 Nxe4 8. Bb5 Nd6 9. Bc6 Bb7 10. Bxb7 Nxb7 11. Nbd2 c5 12. O-O Rc8 13. Ne4 h6 14. Qe2 c4 15. Bc3 Qc7 16. Rfd1 Rd8 17. Rxd7 Rxd7 18. Ne5 Rd8 19. Nxc4 Qf4 20. Be5 Qf5 21. g4 Qg6 22. Bc7 Rd4 23. f3 Be7 24. Ne5 Qh7 25. Qb5+ Kf8 26. Nd7+ Kg8 27. Qc6 Nd8 28. Bxd8 Bxd8 29. Qc8 f6 30. Qxd8+ Kf7 31. Qc7 Kg6 32. Ne5+ fxe5 33. Qxe5 Rxe4 34. Qxe4+ Kf7 35. Qf4+ Ke7 36. Qc7+ Kf6 37. Rd1 Rf8 38. Rd7 Qg8 39. h4 Rc8 40. Qf4+ Kg6 41. Qe4+ Kf6 42. h5 Kg5 43. Qe5+ Kh4 44. Rxg7 1-0

[Event "Corr"]
[Site "?"]
[Date "2000.02.15"]
[Round "?"]
[White "Pleschke Helmut"]
[Black "Blok Kor"]
[Result "1-0"]
[WhiteElo "1680"]
[BlackElo "1650"]
[PlyCount "63"]
[EventDate "2000.??.??"]
[Source "www.chesslib.no"]
[SourceDate "2004.05.04"]

1. Nf3 d5 2. b4 e6 3. Bb2 Nf6 4. a3 c5 5. bxc5 Bxc5 6. e3 Nbd7 7. d4 Bd6 8. Nbd2 Qa5 9. c4 O-O 10. Qc2 Ne4 11. Bd3 Ndf6 12. O-O Bd7 13. Bxe4 Nxe4 14. Nxe4 dxe4 15. Qxe4 Rac8 16. c5 Bc7 17. Ng5 f5 18. Qh4 h6 19. Nf3 Bd8 20. Qg3 Bf6 21. Ne5 Ba4 22. Ng6 Rfe8 23. Rac1 Qb5 24. Bc3 Qb3 25. Bb4 Red8 26. Rb1 Qd5 27. c6 Bxc6 28. Be7 Qd7 29. Bxd8 Rxd8 30. Ne5 Qd5 31. Nxc6 Qxc6 32. Rfc1 1-0

[Event "Hamburg"]
[Site "?"]
[Date "2005.10.04"]
[Round "4.4"]
[White "Hauser Christow"]
[Black "Voss Werner"]
[Result "0-1"]
[WhiteElo "1592"]
[BlackElo "1728"]
[PlyCount "82"]
[EventDate "2005.??.??"]
[Source "www.chesslib.no"]
[SourceDate "2004.05.04"]

1. Nf3 d5 2. b4 e6 3. Bb2 Nf6 4. a3 Nbd7 5. e3 c5 6. c3 Be7 7. d3 O-O 8. Qc2 Qc7 9. Nbd2 cxb4 10. axb4 Bxb4 11. Ra4 Bd6 12. Rh4 e5 13. g4 Ne8 14. e4 d4 15. Nc4 Be7 16. g5 b5 17. Na3 b4 18. cxd4 bxa3 19. Qxc7 Nxc7 20. Bc3 Nb5 21. Ba1 exd4 22. Bh3 Bb4+ 23. Kf1 Nb6 24. Kg2 Bxh3+ 25. Kxh3 Bc3 26. Ne5 Rac8 27. Ng4 Nd7 28. Rg1 Kh8 29. e5 g6 30. Rg3 Bxa1 31. Kg2 Rg8 32. Nh6 Rg7 33. Ng4 a2 34. Rgh3 Nf8 35. Nf6 Bb2 36. e6 fxe6 37. Ng4 a1=Q 38. Ne5 Rc1 39. Rf4 Rg1+ 40. Kf3 Qd1+ 41. Ke4 Nd6# 0-1

[Event "Corr"]
[Site "?"]
[Date "2001.01.30"]
[Round "?"]
[White "Levine Benjamin"]
[Black "Pirner Robert"]
[Result "1/2-1/2"]
[WhiteElo "1500"]
[BlackElo "1699"]
[PlyCount "44"]
[EventDate "2001.??.??"]
[Source "www.chesslib.no"]
[SourceDate "2004.05.04"]

1. Nf3 d5 2. b4 Bg4 3. Bb2 e6 4. e3 Nf6 5. a3 Nbd7 6. Bb5 c6 7. Ba4 Bd6 8. d3 O-O 9. Nbd2 b5 10. Bb3 c5 11. c4 cxb4 12. cxb5 bxa3 13. Bxa3 Bxa3 14. Rxa3 Qb6 15. O-O Qxb5 16. Ba4 Qc5 17. Qa1 Rfc8 18. d4 Qe7 19. Bxd7 Qxd7 20. Ne5 Qe7 21. f3 Bf5 22. Nb3 h6 1/2-1/2

[Event "Corr"]
[Site "?"]
[Date "1998.08.15"]
[Round "?"]
[White "Popp Tony"]
[Black "Lempea Pekka"]
[Result "1/2-1/2"]
[WhiteElo "1532"]
[BlackElo "1629"]
[PlyCount "79"]
[EventDate "1998.??.??"]
[Source "www.chesslib.no"]
[SourceDate "2004.05.04"]

1. Nf3 d5 2. b4 Nf6 3. e3 g6 4. c4 Bg7 5. Bb2 c6 6. cxd5 cxd5 7. Bb5+ Bd7 8. Qa4 O-O 9. O-O a6 10. Bxd7 Nbxd7 11. Rc1 Nb6 12. Qa5 Qd6 13. Be5 Qd8 14. Bc7 Qc8 15. Na3 Nbd7 16. d4 Nb8 17. b5 Qe6 18. Rc3 Nbd7 19. b6 Ne4 20. Rb3 h6 21. Rc1 Rac8 22. Rc2 Ndf6 23. Rb1 Ne8 24. Rbc1 Qd7 25. Ne5 Bxe5 26. Bxe5 Rxc2 27. Rxc2 e6 28. f3 N4d6 29. Bxd6 Qxd6 30. Qc5 Qd7 31. e4 dxe4 32. fxe4 f6 33. Nc4 Qa4 34. Ne3 Rf7 35. Qc8 Qxd4 36. Qxe8+ Kg7 37. Kf1 Qxe3 38. Qxe6 Qd3+ 39. Re2 f5 40. Qe5+ 1/2-1/2

[Event "Hamburg"]
[Site "?"]
[Date "2005.10.06"]
[Round "6.30"]
[White "Hauser Christow"]
[Black "Titgemeyer Sven"]
[Result "1/2-1/2"]
[WhiteElo "1592"]
[BlackElo "1395"]
[PlyCount "96"]
[EventDate "2005.??.??"]
[Source "www.chesslib.no"]
[SourceDate "2004.05.04"]

1. Nf3 d5 2. b4 Nf6 3. Bb2 e6 4. a3 Bd6 5. e3 O-O 6. c4 c5 7. b5 Nbd7 8. Qc2 b6 9. d3 Bb7 10. Nbd2 Qc7 11. h3 Ne5 12. Nxe5 Bxe5 13. Nf3 Bxb2 14. Qxb2 dxc4 15. dxc4 Bxf3 16. gxf3 Rad8 17. Rg1 Qd6 18. Be2 e5 19. Rd1 Qe6 20. a4 Rxd1+ 21. Kxd1 Qxh3 22. Qxe5 Qd7+ 23. Kc1 Rd8 24. Rg3 Qd6 25. Qc3 Ne8 26. f4 Qf6 27. Qe5 Qxe5 28. fxe5 Nc7 29. f4 Kf8 30. Rh3 h6 31. Bf1 Ne6 32. Kc2 a6 33. Bg2 axb5 34. axb5 Rd7 35. Bd5 Nc7 36. e4 Ne6 37. Bxe6 fxe6 38. Rd3 Rxd3 39. Kxd3 Kf7 40. Ke3 g5 41. f5 h5 42. f6 Kg6 43. Kf3 g4+ 44. Kg3 Kf7 45. Kh4 Kf8 46. Kg3 Kf7 47. Kh4 Kf8 48. Kg3 Kf7 1/2-1/2

[Event "Leverkusen"]
[Site "?"]
[Date "2004.04.19"]
[Round "8.31"]
[White "Pies Gerhard"]
[Black "Balduan Karl Heinz"]
[Result "1-0"]
[WhiteElo "1275"]
[BlackElo "1601"]
[PlyCount "59"]
[EventDate "2004.??.??"]
[Source "www.chesslib.no"]
[SourceDate "2004.05.04"]

1. Nf3 d5 2. b4 Nc6 3. b5 Na5 4. e3 Bg4 5. Bb2 b6 6. Be2 Bxf3 7. Bxf3 e6 8. O-O Nh6 9. d3 Nb7 10. Nd2 Nd6 11. c4 Rb8 12. Qb3 dxc4 13. Nxc4 Nxc4 14. Bc6+ Ke7 15. dxc4 Nf5 16. Rad1 Nd6 17. e4 f6 18. f4 Qc8 19. e5 Nb7 20. Rd7+ Qxd7 21. Bxd7 Kxd7 22. f5 Bc5+ 23. Kh1 exf5 24. Qd3+ Kc8 25. Qxf5+ Kd8 26. exf6 Nd6 27. Rd1 g6 28. Qg4 Rf8 29. Bc1 a6 30. Bg5 1-0

[Event "Corr"]
[Site "?"]
[Date "2001.11.11"]
[Round "?"]
[White "Neild Robert"]
[Black "Mottershead Richard"]
[Result "1/2-1/2"]
[WhiteElo "1300"]
[BlackElo "1183"]
[PlyCount "60"]
[EventDate "2001.??.??"]
[Source "www.chesslib.no"]
[SourceDate "2004.05.04"]

1. Nf3 d5 2. b4 Nf6 3. d4 Bf5 4. Nh4 e6 5. Nxf5 exf5 6. Nc3 Bxb4 7. Qd3 Qd7 8. Rb1 Nc6 9. a3 Bxc3+ 10. Qxc3 Rb8 11. e3 O-O 12. Bd3 Ne4 13. Bxe4 fxe4 14. O-O b6 15. Qd2 Na5 16. Qb4 Nc4 17. Rb3 a5 18. Qe1 b5 19. f4 a4 20. Rb1 Rb6 21. Qh4 Rh6 22. Qg3 f5 23. h4 Rh5 24. c3 c6 25. Rb4 Rf6 26. Qh3 Rg6 27. Rxc4 dxc4 28. g3 Rg4 29. Rf2 Qe6 30. Rd2 Qh6 1/2-1/2

[Event "Corr"]
[Site "?"]
[Date "2003.02.17"]
[Round "?"]
[White "Low Winston"]
[Black "Kos Sabine"]
[Result "1/2-1/2"]
[WhiteElo "1173"]
[BlackElo "1100"]
[PlyCount "42"]
[EventDate "2003.??.??"]
[Source "www.chesslib.no"]
[SourceDate "2004.05.04"]

1. Nf3 d5 2. b4 b5 3. d4 Nf6 4. e3 c6 5. a4 a6 6. axb5 cxb5 7. Bxb5+ Bd7 8. Bxd7+ Nbxd7 9. Qe2 e6 10. Rxa6 Bxb4+ 11. Bd2 Rb8 12. O-O O-O 13. Bxb4 Rxb4 14. Nbd2 Re8 15. Rfa1 h6 16. c4 dxc4 17. Nxc4 Ne4 18. Nfd2 Nc3 19. Qd3 Rxc4 20. Nxc4 Nb8 21. Ra8 Qh4 1/2-1/2